Statistics for Football Clubs That Andrea Pirlo Has Played For

Click here to take the quiz!

General Stats

  • This quiz has been taken 52 times
  • The average score is 4 of 7

Answer Stats

YearsTeam% Correct
2001–2011AC Milan
100%
2011–2015Juventus
100%
1998–2001Inter Milan
89%
2015- presentNew York City
76%
1995–1998Brescia
29%
2001 (Loan)Brescia
29%
1999–2000 (Loan)Reggina
18%

Score Distribution

Percentile by Number Answered

Percent of People with Each Score

Your Score History

You have not taken this quiz